000 nam a22 7a 4500
999 _c8388
_d8388
008 180116b ||||| |||| 00| 0 eng d
100 _aNoblecourt.C.D.
_94797
245 _aEgyptian Wall Paintings
260 _bUNESCO
_c1962